<?xml version="1.0" encoding="UTF-8"?>
<marc:record xmlns:marc="http://www.loc.gov/MARC21/slim">
   <marc:leader>00000nam a2200000 a 4500</marc:leader>
   <marc:datafield ind1="1" ind2=" " tag="100">
      <marc:subfield code="a">Sembler, Joan. Michael</marc:subfield>
   </marc:datafield>
   <marc:datafield ind1=" " ind2=" " tag="653">
      <marc:subfield code="a">s||Gottesliebe</marc:subfield>
   </marc:datafield>
   <marc:datafield ind1=" " ind2=" " tag="653">
      <marc:subfield code="a">s||Nächstenliebe</marc:subfield>
   </marc:datafield>
   <marc:datafield ind1=" " ind2=" " tag="653">
      <marc:subfield code="a">s||Predigt</marc:subfield>
   </marc:datafield>
   <marc:datafield ind1=" " ind2=" " tag="653">
      <marc:subfield code="a">s||Hoffnung</marc:subfield>
   </marc:datafield>
   <marc:datafield ind1="0" ind2="0" tag="245">
      <marc:subfield code="a">In welcher erstens herfür kommet die andere Theologische Tugendt, die Hoffnung, wie auch die hailsamme Forcht und die Gegen-Laster die Vermessenheit und Verzweifflung ... Item ... die Erklärung der dritten Theologischen Tugend die Liebe Gottes ...</marc:subfield>
   </marc:datafield>
   <marc:datafield ind1=" " ind2="1" tag="264">
      <marc:subfield code="c">1713</marc:subfield>
   </marc:datafield>
   <marc:datafield ind1="1" ind2=" " tag="520">
      <marc:subfield code="a">Vermerk: Loci Capucinorum Wolfsberga; Frontispiz (Kupferstich) http://zentralbibliothek.kapuziner.at/kupferstiche/provinzbibliothek/provinzbibliothek_2426.jpg, Zierkupferstiche und -initialen im Text, brauner Ganzledereinband auf Buchdeckeln aus Holz, Bettelordenseinband mit dreifachen Streicheisenlinien, Rollenstempeln (Spruchbänder), fleuralen Elementen (Eicheln) und Deckelvignetten (überkreuzte, stigmatisierte Arme, darüber Heiliger Geist in Form einer Taube und Schriftzug "FR[ATRU]M MINORVM CAPVCINORVM" auf vorderem Buchdeckel; Stigmatisierung des hl. Franz von Assisi und Schriftzug "SANCT FRANCISCVS" hinterer Buchdeckel), Buchrücken mit 4 Bünden und Titelschildern "P. Aemiliani" "Concion: Cate= || cheticae Pars III et IV" und altes Signaturschild "C" "IV 9", zwei Metallschließen mit Lederscharnieren, rot-blau gesprenkelte Schnittkante, braunes Signakel aus Leder.</marc:subfield>
   </marc:datafield>
   <marc:datafield ind1=" " ind2=" " tag="041">
      <marc:subfield code="a">ger</marc:subfield>
   </marc:datafield>
   <marc:datafield ind1=" " ind2=" " tag="500">
      <marc:subfield code="a">Titelbl. in Rot- und Schwarzdr. - Bibliogr. Nachweis: VD18 80011853-001</marc:subfield>
   </marc:datafield>
   <marc:datafield ind1="0" ind2=" " tag="490">
      <marc:subfield code="v">3.</marc:subfield>
   </marc:datafield>
   <marc:datafield ind1=" " ind2=" " tag="300">
      <marc:subfield code="a">[4] Bl., 700 S. : Ill.</marc:subfield>
   </marc:datafield>
</marc:record>
